00830 am a2200217 a 450000500170000000800410001702000150005804100080007310000200008124500800010125000830018126000590026430000110032350001570033465300110049165300210050265300130052365300290053665300240056570000230058920240507084142.0100304s1998||||ag a f |||| 001 0 spa d a9500601494 aspa1 aBouchet, Alain. aAnatomía Descriptiva, Topográfica y Funcional.bCuello /cAlain Bouchet a1a ed.bTraducción Ernesto Brik ; Germán Niedfeld y Antonio Méndez Anell aBuenos Aires:bEditorial Médica Panamericana;c1998. a254 p. aBouchet, A. y Cuilleret, J. (1998). Anatomía descriptiva, topográfica y funcional. Cuello. (1a ed.). Buenos Aires : Editorial Médica Panamericana. aCuello aColumna cervical aVisceras aRegiones anterolaterales aRegión de la nuca1 aCuilleret, Jacques